00381nam a2200121 a 4500008004100000050001600041100002400057245010400081250001200185260003800197300001500235350000900250120416s1976 ||||||||||||||||| || u aNA 2750 Pla aMills, Edward David10aPlanning : buildings for administration, entertainment and recreationcedited by Edward David Mills a9th ed. aLondonbNewnes-Butterworthsc1976 a5v. : ill. a0.00